000 00429caa a22001812a 4500
001 001401
003 AR-FADEU
008 311216n############xxu####################dd
092 _aPP(306)NUE
100 _aSenkman, Leonardo
245 _bLa Cábala y el poder de la palabra
245 _aNuevos aires
300 _a39-48
440 _n9
260 _cdic. 72 ene. feb. 1973
650 _aCABALA-PALABRA
942 _cPPGR
999 _c4179
_d4179